000 00325 a2200145 4500
001 170316
020 _a
040 _cMagnum
100 _aColegio Retamar
240 1 0 _aRetamatch: la biblioteca del colegio
_lESP
245 1 0 _aRetamatch: la biblioteca del colegio
362 0 _a1899
697 _aESPANHOL
942 _cBK
999 _c170316
_d170316